Logos von Sportverbänden und -ligen - Statistiken

Allgemein
  • Dieses Quiz wurde 1.133 mal gespielt
  • Das Durchschnittsergebnis liegt bei 7 aus 19
Antwortstatistiken
Bildquiz Antwort % Korrekt
Deutscher Fußball Bund
95%
Internationales Olympisches Komittee
86%
Deutscher Handball Bund
83%
Deutsche Eishockey Liga
77%
Basketball Bundesliga
59%
Deutscher Tennis-Bund
59%
Deutscher Skiverband
46%
Deutsche Lebens-Rettungs-Gesellschaft
42%
Deutscher Schwimmverband
41%
Deutscher Volleyball-Verband
41%
Deutscher Alpenverein
26%
Deutscher Leichtathletik Verband
23%
Deutscher Turner-Bund
22%
Deutscher Schützenbund
16%
Internationale Biathlon Union
8%
Internationales Paralympisches Komittee
5%
eSport-Bund Deutschland
4%
Europäische Handball Förderation
4%
Deutscher Tanzsportverband
2%
Keine übereinstimmenden Quizze gefunden
Verteilung der Resultate
Anzahl Personen mit jedem Resultat
Perzentil nach korrekt beantworteten Fragen
Ihre Resultats-Entwicklung
Sie haben dieses Quiz noch nicht gespielt